书目信息 |
| 题名: |
统计数据分析软件教程
|
|
| 作者: | 王玉荣 编著 | |
| 分册: | ||
| 出版信息: | 北京 对外经济贸易大学出版社 2007 |
|
| 页数: | 238页 | |
| 开本: | 23cm | |
| 丛书名: | ||
| 单 册: | ||
| 中图分类: | C819 , TP391.13 | |
| 科图分类: | ||
| 主题词: | 统计分析--统计程序--教材 , 统计分析 , 统计程序 , 表处理软件--教材 , 表处理软件 | |
| 电子资源: | ||
| ISBN: | 978-7-81078-835-9 | |
| 000 | 00966nam0 2200289 450 | |
| 001 | 010030000867 | |
| 005 | 20070801164947.01 | |
| 010 | @a978-7-81078-835-9@dCNY24.00@z7-81078-835-3 | |
| 100 | @a20070529d2007 em y0chiy0110 ea | |
| 101 | 0 | @achi |
| 102 | @aCN@b110000 | |
| 105 | @aak z 000yy | |
| 200 | 1 | @a统计数据分析软件教程@9tong ji shu ju fen xi ruan jian jiao cheng@eSPSS13.0(试用版)及EXCEL的应用@f王玉荣编著 |
| 210 | @a北京@c对外经济贸易大学出版社@d2007 | |
| 215 | @a238页@c图@d23cm | |
| 330 | @a本书主要内容包括概述、数据录入及编辑、数据的整理和表达、数据的描述性分析、参数估计与假设检验、方差分析、非参数检验、相关与回归分析等。 | |
| 606 | 0 | @a统计分析@x统计程序@j教材 |
| 606 | 0 | @a统计分析 |
| 606 | 0 | @a统计程序 |
| 606 | 0 | @a表处理软件@j教材 |
| 606 | 0 | @a表处理软件 |
| 610 | 0 | @aExcel |
| 690 | @aC819@v4 | |
| 690 | @aTP391.13@v4 | |
| 701 | 0 | @a王玉荣@9wang yu rong@4编著 |
| 801 | 0 | @aCN@bRENTIAN@c20070801 |
| 905 | @a10447@dC819@e68 | |
| 统计数据分析软件教程:SPSS13.0(试用版)及EXCEL的应用/王玉荣编著.-北京:对外经济贸易大学出版社,2007 |
| 238页:图;23cm |
| ISBN 978-7-81078-835-9:CNY24.00 |
| 本书主要内容包括概述、数据录入及编辑、数据的整理和表达、数据的描述性分析、参数估计与假设检验、方差分析、非参数检验、相关与回归分析等。 |
| ● |
| 相关链接 |
|
|
|
|
正题名:统计数据分析软件教程
索取号:C819/68
 
预约/预借
| 序号 | 登录号 | 条形码 | 馆藏地/架位号 | 状态 | 备注 |
| 1 | 0800297 | 208002971 | 第一样本阅览室/ [索取号:C819/68] | 在馆 | |
| 2 | 0800298 | 208002980 | 第一借阅区/ [索取号:C819/68] | 在馆 | |
| 3 | 0800299 | 208002999 | 第一借阅区/ [索取号:C819/68] | 在馆 | |
| 4 | 0800300 | 208003006 | 第一借阅区/ [索取号:C819/68] | 在馆 | |
| 5 | 0800301 | 208003015 | 第一借阅区/ [索取号:C819/68] | 在馆 | |
| 6 | 0800302 | 208003024 | 第一借阅区/ [索取号:C819/68] | 在馆 | |
| 7 | 0800303 | 208003033 | 第一借阅区/ [索取号:C819/68] | 在馆 | |
| 8 | 0800304 | 208003042 | 第一借阅区/ [索取号:C819/68] | 在馆 | |
| 9 | 0800305 | 208003051 | 第一借阅区/ [索取号:C819/68] | 在馆 | |
| 10 | 0800306 | 208003060 | 第一借阅区/ [索取号:C819/68] |
已借出,限还日期为2012.02.27 借出人:黎延凯 |